tiếng hoa trong kinh doanh

שמור ב:
מידע ביבליוגרפי
פורמט: ספר
יצא לאור: 2005
תגים: הוספת תג
אין תגיות, היה/י הראשונ/ה לתייג את הרשומה!
Thư viện lưu trữ: Mạng thư viện Đại học Đà Nẵng
LEADER 00441nam a22001811a 4500
001 000036757
003 13052
005 20160412014922.0
008 160412s2005 000
082 |a 4H(07)162-64 
245 |a tiếng hoa trong kinh doanh  |c Mã Thành Tài 
260 |c 2005 
OWN |a LNN 
999 |a From the UDN01 
TYP |a Monograph 
980 |a Mạng thư viện Đại học Đà Nẵng